| 000 | 00544nam a22001937a 4500 | ||
|---|---|---|---|
| 003 | OSt | ||
| 005 | 20150408113834.0 | ||
| 008 | 110626t xxu||||| |||| 00| 0ara d | ||
| 020 | _a9957123254 | ||
| 040 |
_amu _bara _cmb |
||
| 082 |
_221 _a001.4 _bف غ ث |
||
| 100 |
_aفريجات، غالب _9455 |
||
| 245 |
_aثقافة البحث العلمي _cغالب فريجات |
||
| 250 | _aط. 1. | ||
| 260 |
_aعمان _bدار اليازوري _c2011 |
||
| 300 |
_a368 ص _c24 سم |
||
| 650 |
_aالبحث العلمي _9456 |
||
| 942 |
_2ddc _cBOOK |
||
| 999 |
_c8657 _d243157 |
||